|
|
|
|
| LEADER |
01085nam a2200217 a 4500 |
| 001 |
GR-MES13 |
| 008 |
991111s1974 gw 000 b eng d |
| 020 |
|
|
|a 3510407350
|
| 040 |
|
|
|a GrPaTEI
|b gre
|c GR-PaULI
|
| 245 |
0 |
4 |
|a Die Binnengewasser :
|b Einzeldarstellungen aus der limnologie und ihren Nachbargebieten
|n XXVI .
|p Planlton rotifers.
|
| 260 |
|
|
|a Stuttgart :
|b Verlagsbuchhandlung Schweizerbat'sche,
|c 1974 c1974
|
| 300 |
|
|
|a 146σελ. :
|b εικ., πιν.,
|
| 500 |
|
|
|a Βιβλιογραφία : σελ: 130-139 Συμπληρωματική έκδοση στην αγγλική γλώσσα του τόμου ΧΧVI,( μέρος 1ο)
|
| 650 |
|
4 |
|a Πλαγκτόν- Ρότιφερς
|
| 700 |
1 |
|
|a Kolisko, Gertude
|
| 700 |
1 |
|
|a Ruttner-Kolisko, Agnes
|
| 710 |
0 |
|
|a Verlagsbuchhandlung Schweizerbat'sche
|
| 942 |
|
|
|2 ddc
|
| 952 |
|
|
|0 0
|1 0
|2 ddc
|4 0
|6 574_920000000000000_RUT
|7 0
|9 263255
|a MSLG
|b MSLG
|c BSC
|d 2021-01-17
|e 24
|f 0
|g 0.00
|l 0
|o 574.92 RUT
|p 2420000001021
|r 2021-01-17 00:00:00
|t 1
|w 2021-01-17
|y BK15
|x 19991111 0 1
|x GrPaTEI
|
| 971 |
|
|
|a .b25710540
|b 15-04-20
|c 13-09-16
|
| 999 |
|
|
|c 151514
|d 151514
|